Statistiche per Città sopra o sotto il Tropico del Capricorno? - Quiz n°2

Clicka qui per fare il quiz!

Statistiche generali

  • Questo quiz è stato fatto 4 volte
  • Il punteggio medio è 7 su 10

Statistiche sulle risposte

HintRisposta% Corretto
JohannesburgSud del Tropico del Cancro
100%
LibrevilleNord del Tropico del Capricorno
75%
LuandaNord del Tropico del Capricorno
75%
MelbourneSud del Tropico del Cancro
75%
Santiago del CileSud del Tropico del Cancro
75%
WellingtonSud del Tropico del Cancro
75%
MoroniNord del Tropico del Capricorno
50%
SucreNord del Tropico del Capricorno
50%
Porto AlegreSud del Tropico del Cancro
50%
AntananarivoNord del Tropico del Capricorno
25%

Distribuzione punteggi

Percentile per numero di risposta

Percentuale di utenti per punteggio

I tuoi punteggi nel tempo

Non hai fatto questo quiz